000 00808cam a2200217 4500
001 WS108068
008 000000n 000 0 eng u
035 _a(Sirsi) u108068
110 _aCanadian Institute of Quantity Surveyors
_91896
245 _aCanadian Institute of Quantity Surveyors
520 _aBasic organisational site for this professional body representing quantity surveyors and construction estimating in Canada. Including links to their code of ethics and press releases.
650 _aCANADA
650 _aQUANTITY SURVEYORS
650 _aCOST ESTIMATING
650 _aCONSTRUCTION COSTS
650 _aCODE OF ETHICS
650 _aORGANISATION
690 _aINTERNATIONAL-AMERICAS
856 4 0 _uhttps://www.ciqs.org/
_zView the website free of charge at www.ciqs.org
942 _n0
999 _c119606
_d119606